| 000 | 01458cam a2200373 4500 | ||
|---|---|---|---|
| 008 | 020805n2002 000 0 eng u | ||
| 020 | _a0071391258 | ||
| 035 | _a(Sirsi) u119210 | ||
| 050 | _a690.2 | ||
| 100 | _aBecker, N. | ||
| 245 | 4 | _aThe complete book of home inspections | |
| 250 | _a3rd ed. | ||
| 260 |
_aNew York _aLondon _bMcGraw-Hill _c2002 |
||
| 300 |
_axiii,289p. _bill _c24cm. |
||
| 350 | _a14.99 | ||
| 520 | _aAn American text aimed at purchasers and vendors wishing to carry out their own building survey. Illustrated with checklists, diagrams, graphs and photographs each chapter deals with a different building element including the external structure and fabric, the interior and building services. | ||
| 650 | _aBUILT ENVIRONMENT-BUILDING ELEMENTS-COMPLETE BUILDING SERVICES ELEMENTS-COMPLETE HEATING, VENTILATION AND AIR CONDITIONING SYSTEMS | ||
| 650 | _aBASEMENTS | ||
| 650 |
_aBlock management _96220 |
||
| 650 | _aBUILDING SURVEYS | ||
| 650 | _aELECTRICAL WIRING | ||
| 650 | _aGARAGES | ||
| 650 | _aHEATING SYSTEMS | ||
| 650 | _aHOT WATER SYSTEMS | ||
| 650 | _aLANDSCAPING | ||
| 650 | _aPLUMBING | ||
| 650 | _aBUILT ENVIRONMENT-BUILDING ELEMENTS-COMPLETE BUILDING ELEMENTS-ROOFS | ||
| 650 | _aROT | ||
| 650 | _aSWIMMING POOLS | ||
| 650 | _aTERMITES | ||
| 650 | _aBUILT ENVIRONMENT-BUILDING ELEMENTS-COMPLETE BUILDING ELEMENTS-WALLS | ||
| 690 | _aBUILT ENVIRONMENT-BUILDING INSPECTION | ||
| 942 | _n0 | ||
| 999 |
_c102269 _d102269 |
||